000 00503nam a2200193Ia 4500
005 20250326140740.0
008 250326s9999 xx 000 0 und d
037 _aTextbook
040 _aFMSL
_beng
_cFMSL
041 _aeng
_2eng
084 _aS Q1
_qFMSL
100 _aKumar S
245 0 _aPositive psychology
_cKumar S; Yadav S B
260 _aNew Delhi
_bNew Delhi, Global Vision
_c2011
365 _b2000
650 _aManagement
942 _cTB
_hS Q1
999 _c1287127
_d1287127